000 00416nam a2200193Ia 4500
005 20240823052152.0
008 240823s9999||||xx |||||||||||||| ||und||
020 _a978-81-907120-6-4
041 _aTAMIL
082 _A824.8 P8
100 _aAmusu V
245 0 _aKatturai Kathambam
250 _a1st
260 _c2008
_bNal
500 _aYES
650 _aGeneral
_bGeneral
942 _cBK
999 _c221242
_d221242